00423cam a2200169ua 45000010005000000080039000050400009000440410008000530820011000611000029000722450065001012500009001662600031001753000010002066530012002166530025002288573150206n ii |||gr||||Z||||||eng cMAIN aeng a415.46 aDaswani, C. J.,eAuthor.1 aAdverbials of time and location in englishcBy C. J. Daswani a1st. aNew Delhi:bOrient,c1977. a138p. aGrammar aAdverbial in english